000 00629cam a2200217 a 4500
008
020 _a0195142489 (pbk.)
049 _aMAIN
090 0 _aTK7867KRA
100 1 _aKraus, Allan D.
245 1 0 _aAllan's circuits problems /
_cAllan D. Kraus.
246 3 0 _aCircuits problems.
260 _aNew York :
_bOxford University Press,
_c2001.
300 _a546 p. :
_bill. ;
_c28 cm.
650 0 _aElectronic circuits
_vProblems, exercises, etc.
907 _a.b10204192
_b09-06-06
_c31-05-06
003
005 20230123134218.0
040 _cNUST
942 _cBOOKS
_kTK7867KRA
999 _c161967
_d161967